Tư vấn tâm lí tuổi vị thành niên Những tâm sự tuổi mới lớn. Những điều cần biết về đặc điểm tâm lí tuổi mới lớn
Nghiên cứu về tâm lý lứa tuổi vị thành niên thông qua những đặc trưng tâm lí của lứa tuổi; giao tiếp ứng xử với cha mẹ; giao tiếp ứng xử với bạn bè. Hướng dẫn cách phòng tránh hiểm hoạ từ xa; giao tiếp ứng xử với bạn bè; trắc nghiệm tâm lí để tự biết mình...
Uloženo v:
| Hlavní autor: | |
|---|---|
| Další autoři: | |
| Médium: | Kniha |
| Jazyk: | Vietnamese |
| Vydáno: |
H.
Đại học Sư phạm
2012
|
| Témata: | |
| Tagy: |
Přidat tag
Žádné tagy, Buďte první, kdo otaguje tento záznam!
|
| Thư viện lưu trữ: | Mạng thư viện Đại học Đà Nẵng |
|---|
| LEADER | 01773aam a22003858a 4500 | ||
|---|---|---|---|
| 001 | 000019922 | ||
| 003 | 16363 | ||
| 005 | 20141128161125.0 | ||
| 008 | 141128s2012 viesd | ||
| 020 | |c 35000đ |d 1000b | ||
| 041 | 0 | |a vie | |
| 082 | 1 | 4 | |2 14 |a 155.51 |b NG-K |
| 100 | 1 | |a Nguyễn Công Khanh | |
| 245 | 1 | 0 | |a Tư vấn tâm lí tuổi vị thành niên |b Những tâm sự tuổi mới lớn. Những điều cần biết về đặc điểm tâm lí tuổi mới lớn |c Nguyễn Công Khanh (ch.b.), Nguyễn Minh Đức |
| 246 | |a Tư vấn tâm lý tuổi vị thành niên | ||
| 260 | |a H. |b Đại học Sư phạm |c 2012 | ||
| 300 | |a 144 tr. |b sơ đồ |c 24 cm. | ||
| 504 | |a Thư mục: tr. 142-143 | ||
| 520 | |a Nghiên cứu về tâm lý lứa tuổi vị thành niên thông qua những đặc trưng tâm lí của lứa tuổi; giao tiếp ứng xử với cha mẹ; giao tiếp ứng xử với bạn bè. Hướng dẫn cách phòng tránh hiểm hoạ từ xa; giao tiếp ứng xử với bạn bè; trắc nghiệm tâm lí để tự biết mình | ||
| 650 | 0 | 4 | |2 Bộ TK TVQG |a Tâm lí học |x Tuổi vị thành niên |x Tư vấn |
| 650 | 7 | |2 Bộ TK TVQG | |
| 650 | 7 | |2 Bộ TK TVQG | |
| 653 | |a Tuổi vị thành niên | ||
| 653 | |a Tâm lý | ||
| 700 | 1 | |a Nguyễn Minh Đức | |
| OWN | |a LSP | ||
| AVA | |a UDN50 |b LSP |d 155.51 NG-K |e check_holdings |t Error 5003 Not defined in file expand_doc_bib_avail. |h N |k 1 | ||
| 999 | |a From the UDN01 | ||
| AVA | |a UDN50 |b LSP |d 155.51 NG-K |e available |t Error 5001 Not defined in file expand_doc_bib_avail. |f 15 |g 5 |h N |i 52 |k 1 | ||
| TYP | |a Monograph | ||
| TYP | |a Printed language | ||
| 980 | |a Mạng thư viện Đại học Đà Nẵng | ||